000
00271nam a2200109Ia 4500
008
230907s9999||||xx |||||||||||||| ||und||
082
_a
658.1511
_b
MAN
245
0
_a
Management accounting :
260
_a
McGraw-Hill,
_b
Australia :
_c
2018
300
_a
1099 p.
942
_c
BK
999
_c
601032
_d
601032